Normal view
MARC view
Entry Personal Name
001 - CONTROL NUMBER
- control field: 57438
003 - CONTROL NUMBER IDENTIFIER
- control field: dpl
005 - DATE AND TIME OF LATEST TRANSACTION
- control field: 20230926114734.0
008 - FIXED-LENGTH DATA ELEMENTS
- fixed length control field: 230926|| aca||aabn | a|a d
040 ## - CATALOGING SOURCE
- Original cataloging agency: dpl
- Transcribing agency: dpl
100 ## - HEADING--PERSONAL NAME
- Personal name: Maria Kumar, B
670 ## - SOURCE DATA FOUND
- Source citation: Work cat.: (dpl)150512: Maria Kumar, B, Policing by common sense /, 2014
